| 000 | 01150nab a22002537a 4500 | ||
|---|---|---|---|
| 999 |
_c6521 _d6521 |
||
| 003 | OSt | ||
| 005 | 20260219121030.0 | ||
| 008 | 190429b xxu||||| |||| 00| 0 spa d | ||
| 040 | _cPJ | ||
| 100 |
_96541 _aSaldaño, Darío |
||
| 245 | 1 | 0 |
_aAnálisis dogmático del delito de confabulación, art. 29 bis, en relación al art. 5°, inc. c) de la ley 23.737 / _cDarío Saldaño. |
| 260 |
_cCiudad Autónoma de Buenos Aires : _aThomson Reuters La Ley, _b2024. |
||
| 300 | _ap. 12-20 | ||
| 500 | _aCita: TR LALEY AR/DOC/1713/2024 | ||
| 505 | _aSumario: I. Aclaraciones preliminares.— II. Análisis del art. 29 bis de la ley 23.737.— III. Conclusión. | ||
| 505 | _tSi te interesa el texto completo, solicitalo a koha@justierradelfuego.gov.ar | ||
| 650 | 0 |
_9343 _aDERECHO PENAL |
|
| 650 | 0 |
_93239 _aRÉGIMEN PENAL ADUANERO |
|
| 650 | 0 |
_92870 _aESTUPEFACIENTES |
|
| 650 | 0 |
_92871 _aTRÁFICO DE ESTUPEFACIENTES |
|
| 650 | 0 |
_93276 _aDELITO DE CONFABULACIÓN |
|
| 773 | 0 |
_02658 _93164 _tRevista de derecho penal y criminología. Nº 8 - Agosto 2024 _dCiudad Autónoma de Buenos Aires : Thomson Reuters La Ley, 2017- _x00347914 |
|
| 942 |
_2udc _cANA |
||